God and evil : (Record no. 31709)
[ view plain ]
| 000 -LEADER | |
|---|---|
| fixed length control field | 01180cam a22002771 4500 |
| 001 - CONTROL NUMBER | |
| control field | 31709 |
| 003 - CONTROL NUMBER IDENTIFIER | |
| rucl marc code | BD-RjUL |
| 005 - DATE AND TIME OF LATEST TRANSACTION | |
| control field | 20211209051735.0 |
| 008 - FIXED-LENGTH DATA ELEMENTS--GENERAL INFORMATION | |
| fixed length control field | 140421s1964 nju b 000 0 eng |
| 035 ## - SYSTEM CONTROL NUMBER | |
| System control number | (BD-RjUL)31797 |
| System control number | (OCoLC)374503 |
| 040 ## - CATALOGING SOURCE | |
| Original cataloging agency | DLC |
| Transcribing agency | ODaWU |
| Modifying agency | OCoLC |
| -- | PBfG |
| -- | Uk |
| -- | DLC |
| -- | BD-RjUL |
| Language of cataloging | eng |
| 041 ## - LANGUAGE CODE | |
| Language code of text/sound track or separate title | eng |
| 082 00 - DEWEY DECIMAL CLASSIFICATION NUMBER | |
| Classification number | 214 |
| Author mark and year | GOD 1965 |
| 245 10 - TITLE STATEMENT | |
| Title | God and evil : |
| Remainder of title | readings on the theological problem of evil / |
| Statement of responsibility, etc. | Nelson Pike. |
| 260 ## - PUBLICATION, DISTRIBUTION, ETC. (IMPRINT) | |
| Place of publication, distribution, etc. | Englewood Cliffs, N.J. : |
| Name of publisher, distributor, etc. | Prentice-Hall, |
| Date of publication, distribution, etc. | c 1964. [Printing 1965]. |
| 300 ## - PHYSICAL DESCRIPTION | |
| Pagination | viii, 114 p. ; |
| Size | 22 cm. |
| 504 ## - BIBLIOGRAPHY, ETC. NOTE | |
| Bibliography, etc | Bibliography: p. 113-114. |
| 505 0# - FORMATTED CONTENTS NOTE | |
| Formatted contents note | Introduction / Nelson Pike -- Rebellion / Feodor Dostoevski -- Dialogues concerning natural religion / David Hume -- Mr. Mansel on the limits of religious thought / John Stuart Mill -- Evil and omnipotence / J.L. Mackie -- God and evil / H.J. McCloskey -- Hume on evil / Nelson Pike -- Omnipotence, evil and supermen / Ninian Smart. |
| 650 #0 - SUBJECT ADDED ENTRY--TOPICAL TERM | |
| Topical term or geographic name as entry element | Good and evil. |
| 9 (RLIN) | 96505 |
| 700 1# - ADDED ENTRY--PERSONAL NAME | |
| Personal name | Pike, Nelson, |
| 942 ## - ADDED ENTRY ELEMENTS (KOHA) | |
| Source of classification or shelving scheme | Dewey Decimal Classification |
| Koha item type | Books |
| Lost status | Source of classification or shelving scheme | Damaged status | Not for loan | Permanent Location | Current Location | Shelving location | Date acquired | Source of acquisition | Cost, normal purchase price | Total Checkouts | Full call number | Date last seen | Copy number | Koha item type |
|---|---|---|---|---|---|---|---|---|---|---|---|---|---|---|
| Dewey Decimal Classification | Not For Loan | Central Library, University of Rajshahi | Central Library, University of Rajshahi | Reading Room | 14/04/1967 | Zeitlinger | 20.00 | 214 GOD 1965 | 21/04/2014 | C-1 | Books | |||
| Dewey Decimal Classification | Central Library, University of Rajshahi | Central Library, University of Rajshahi | 14/04/1967 | Zeitlinger | 20.00 | 214 GOD 1965 | 21/04/2014 | C-2 | Books |